000 00480nam a22001697a 4500
005 20251108163350.0
008 250721s1993 xx 000 0 ara d
082 1 4 _a2ر177/عبد
100 1 _aالشيخلي، عبد القادر
245 1 0 _aأخلاقيات الحوار /
264 1 _aعمان :
_bدار الشروق للنشر،
_c1993.
300 _a97ص
650 1 7 _aالأخلاق
650 1 7 _aالآداب الإجتماعية
942 _2ddc
_cBK
999 _c865
_d865